000 00707nam a22002177a 4500
005 20251108164202.0
008 250721s2002 xx 000 0 ara d
082 1 4 _a415.2/منص
100 1 _aمنصوري، علي جابر
245 1 0 _aالتطبيق الصرفي :
_bتعريف الأفعال - تعريف الأسماء /
264 1 _aعمان :
_bالدار العلمية الدولية،
_c2002.
300 _a485ص
650 1 7 _aقواعد اللغة
650 1 7 _aاللغة العربية
650 1 7 _aالأفعال (نحو)
650 1 7 _aالأسماء (نحو)
650 1 7 _aعلم الصرف
700 1 _aالخفاجي، علاء هاشم
942 _2ddc
_cBK
999 _c5806
_d5806